| 000 | 00387nam a2200145Ia 4500 | ||
|---|---|---|---|
| 008 | 230917s9999||||xx |||||||||||||| ||und|| | ||
| 040 |
_e111767 _aMAIN |
||
| 041 | _aEnglish | ||
| 082 | _a784.4095452 B227H | ||
| 100 | _aBansal, Parmanand | ||
| 245 | 0 | _aHimachali loknatya dhajja: Sanskratik tatha sangitik adhyayan | |
| 260 |
_aDelhi _bSanjay _c2005 |
||
| 300 | _a366 p. | ||
| 942 | _cBK | ||
| 999 |
_c130433 _d130433 |
||